000 00352nam a2200169Ia 4500
100 _aSaluja/Madan
650 _aPhilosophy
942 _cBK
366 _f25
654 _alighthouse
245 _aBe a lighthouse
260 _bBetter Yourself Books
_aBandra
_c2005
082 _a170/SAL
_bSAL
300 _a220
546 _aENGLISH
999 _c19535
_d19535